| 000 | 00610nam a2200217Ia 4500 | ||
|---|---|---|---|
| 003 | BUBTL | ||
| 008 | 151213s9999 xx 000 0 und d | ||
| 082 | _a821.709/ B686r/ 1950 | ||
| 100 |
_aBowra, Maurice _95018 |
||
| 245 |
_aThe Romantic Imagination : _cMaurice Bowra |
||
| 250 | _a1st Edn. | ||
| 260 |
_aLondon _bOxford University Press _cc1950 |
||
| 300 |
_a306p. : _b20 cm |
||
| 500 | _aIncludes Index | ||
| 650 | _aEnglish | ||
| 650 | _aEnglish Literature | ||
| 700 |
_aBowra, Maurice _95018 |
||
| 856 |
_k0 _l0 _yDownload |
||
| 942 |
_2ddc _cBK |
||
| 999 |
_c3038 _d3038 |
||